Quan chức nhà Nguyễn
Saved in:
| Main Author: | |
|---|---|
| Format: | Book |
| Language: | Undetermined |
| Published: |
Huế
Thuận Hóa
2000
|
| Subjects: | |
| Tags: |
Add Tag
No Tags, Be the first to tag this record!
|
| Institutions: | Trung tâm Học liệu Trường Đại học Cần Thơ |
|---|
| LEADER | 00588nam a2200193Ia 4500 | ||
|---|---|---|---|
| 001 | CTU_36328 | ||
| 008 | 210402s9999 xx 000 0 und d | ||
| 020 | |b 38.500đ | ||
| 082 | |a 352.669 | ||
| 082 | |b T120 | ||
| 100 | |a Trần Thanh Tâm | ||
| 245 | 0 | |a Quan chức nhà Nguyễn | |
| 245 | 0 | |c Trần Thanh Tâm | |
| 260 | |a Huế | ||
| 260 | |b Thuận Hóa | ||
| 260 | |c 2000 | ||
| 650 | |a public administration - vietnam,public officers - vietnam,vietnam - history - 19th century | ||
| 904 | |i Minh, 000425 | ||
| 980 | |a Trung tâm Học liệu Trường Đại học Cần Thơ | ||